000 00634nam a22002057a 4500
005 20251108164022.0
008 250721s1977 xx 000 0 ara d
082 1 4 _a142.78/سار
100 1 _aسارتر، جان بول
245 1 0 _aنقد العقل الجدلي :
_bالماركسية و الوجودية /
250 _aط2.
264 1 _aالقاهرة :
_bمكتبة مدبولي،
_c1977.
300 _a62ص
650 1 7 _aالوجودية
650 1 7 _aالماركسية
650 1 7 _aالفلسفة الفرنسية
700 1 _aالحفني، عبد المنعم
_eترجمة
942 _2ddc
_cBK
999 _c1565
_d1565